Essentials of psychiatric mental health nursing : (Record no. 19199)
[ view plain ]
| 000 -LEADER | |
|---|---|
| fixed length control field | 02344cam a2200313 a 4500 |
| 001 - CONTROL NUMBER | |
| control field | 17966437 |
| 005 - DATE AND TIME OF LATEST TRANSACTION | |
| control field | 20201128021232.0 |
| 008 - FIXED-LENGTH DATA ELEMENTS--GENERAL INFORMATION | |
| fixed length control field | 131205t2013 moua frb 001 0 eng d |
| 020 ## - INTERNATIONAL STANDARD BOOK NUMBER | |
| International Standard Book Number | 9780323287883 (pbk. : alk. paper) |
| 020 ## - INTERNATIONAL STANDARD BOOK NUMBER | |
| International Standard Book Number | 0323287883 (pbk. : alk. paper) |
| 040 ## - CATALOGING SOURCE | |
| Original cataloging agency | DNLM/DLC |
| Transcribing agency | DLC |
| Modifying agency | DLC |
| -- | EG-ScBUE |
| 082 00 - DEWEY DECIMAL CLASSIFICATION NUMBER | |
| Classification number | 616.890231 |
| Item number | VAR |
| Edition number | 22 |
| 100 1# - MAIN ENTRY--PERSONAL NAME | |
| Personal name | Varcarolis, Elizabeth M. |
| 9 (RLIN) | 36308 |
| 245 10 - TITLE STATEMENT | |
| Title | Essentials of psychiatric mental health nursing : |
| Remainder of title | a communication approach to evidence-based care / |
| Statement of responsibility, etc | Elizabeth M. Varcarolis. |
| 250 ## - EDITION STATEMENT | |
| Edition statement | 2nd ed., revised reprint. |
| 260 ## - PUBLICATION, DISTRIBUTION, ETC. (IMPRINT) | |
| Place of publication, distribution, etc | Missouri : |
| Name of publisher, distributor, etc | Elsevier / Saunders, |
| Date of publication, distribution, etc | c.2013. |
| 300 ## - PHYSICAL DESCRIPTION | |
| Extent | xxv, 606 p. : |
| Other physical details | ill. (col.) ; |
| Dimensions | 26 cm. |
| 500 ## - GENERAL NOTE | |
| General note | Includes appendixes. |
| 500 ## - GENERAL NOTE | |
| General note | Index : p. 585-606. |
| 504 ## - BIBLIOGRAPHY, ETC. NOTE | |
| Bibliography, etc | Includes bibliographical references. |
| 505 0# - FORMATTED CONTENTS NOTE | |
| Formatted contents note | Practicing the science and the art of psychiatric nursing -- Mental health and mental illness -- Theories and therapies / Margaret Jordan Halter -- Biological basis for understanding psychopharmacology / Dorothy A. Varchol -- Settings for psychiatric care / Margaret Jordan Halter -- Legal and ethical basis for practice / Penny Simpson Brooke -- Nursing process and QSEN: the foundation for safe and effective care -- Communication skills: medium for all nursing practice -- Therapeutic relationships and the clinical interview -- Stress and stress-related disorders -- Anxiety, anxiety disorders, and obsessive-compulsive disorders -- Somatic symptom disorders and related disorders -- Personality disorders -- Eating disorders / Kathleen Ibrahim -- Mood disorders: depression -- Bipolar and related disorders -- Schizophrenia spectrum disorders and other psychotic disorders -- Neurocognitive disorders -- Substance-related and addictive disorders -- Crisis and mass disaster -- Child, partner, and elder violence -- Sexual violence -- Suicidal thoughts and behaviors -- Anger, aggression, and violence -- Care for the dying and those who grieve / Kathy Kramer-Howe -- Children and adolescents -- Adults / Edward A Herzog -- Older adults. |
| 650 #7 - SUBJECT ADDED ENTRY--TOPICAL TERM | |
| Topical term or geographic name as entry element | Psychiatric nursing |
| Source of heading or term | BUEsh |
| 9 (RLIN) | 36309 |
| 650 #7 - SUBJECT ADDED ENTRY--TOPICAL TERM | |
| Topical term or geographic name as entry element | Evidence-based nursing |
| 9 (RLIN) | 27247 |
| Form subdivision | BUEsh |
| Source of heading or term | BUEsh |
| 650 #7 - SUBJECT ADDED ENTRY--TOPICAL TERM | |
| Topical term or geographic name as entry element | Nursing |
| 9 (RLIN) | 2162 |
| Form subdivision | BUEsh |
| Source of heading or term | BUEsh |
| 651 ## - SUBJECT ADDED ENTRY--GEOGRAPHIC NAME | |
| Source of heading or term | BUEsh |
| 653 ## - INDEX TERM--UNCONTROLLED | |
| Resource For college | Nursing |
| Arrived date list | April2015 |
| 655 ## - INDEX TERM--GENRE/FORM | |
| Form subdivision | |
| -- | 34232 |
| 942 ## - ADDED ENTRY ELEMENTS (KOHA) | |
| Source of classification or shelving scheme | Dewey Decimal Classification |
| Call number prefix | 616.890231 VAR |
| Withdrawn status | Item status | Source of classification or shelving scheme | Damaged status | Not for loan | Vendor | Home library | Current library | Shelving location | Date acquired | Source of acquisition | Cost, normal purchase price | Serial Enumeration / chronology | Total Checkouts | Total Renewals | Full call number | Barcode | Date last seen | Date last borrowed | Cost, replacement price | Koha item type |
|---|---|---|---|---|---|---|---|---|---|---|---|---|---|---|---|---|---|---|---|---|
| Dewey Decimal Classification | ايمك | Central Library | Central Library | First floor | 20/04/2015 | 488.00 | 2446 | 5 | 46 | 616.890231 VAR | 000038023 | 15/07/2025 | 06/09/2017 | 610.00 | Book - Borrowing | |||||
| Dewey Decimal Classification | ايمك | Central Library | Central Library | First floor | 20/04/2015 | 488.00 | 2446 | 7 | 42 | 616.890231 VAR | 000038024 | 15/07/2025 | 10/05/2018 | 610.00 | Book - Borrowing |